MARC

LEADER 00000nam0a2200000 4500
001 116947
005 20231031123457.0
035 |a (RuTPU)RU\TPU\book\126552 
090 |a 116947 
100 |a 20070529d1963 m y0rusy50 ca 
101 0 |a rus 
102 |a UA 
105 |a a z 001zy 
200 1 |a Производство ацетилена из природного газа  |f Б. С. Гриненко, А. М. Зелизный 
210 |a Киев  |c Гостехиздат УССР  |d 1963 
215 |a 179 с.  |c ил. 
320 |a Библиогр.: с.172-177. 
610 1 |a ацетилен 
610 1 |a природный газ 
610 1 |a производство 
610 1 |a пиролиз углеводородов 
610 1 |a классификация 
610 1 |a электропиролиз 
610 1 |a концентрирование 
675 |a 665.85  |v 3 
700 1 |a Гриненко  |b Б. С.  |g Борис Степанович 
701 1 |a Зелизный  |b А. М.  |g Андрей Михайлович 
801 1 |a RU  |b 63413507  |c 20070529  |g PSBO 
801 2 |a RU  |b 63413507  |c 20080201  |g PSBO 
942 |c BK